Structured and object-oriented techniques : an introduction using C++ /

Salvato in:
Dettagli Bibliografici
Autore principale: Staugaard, Andrew C.
Natura: Libro
Lingua:English
Pubblicazione: Upper Saddle River, NJ : Prentice Hall, 1996.
Edizione:2nd ed.
Soggetti:
Tags: Aggiungi Tag
Nessun Tag, puoi essere il primo ad aggiungerne! !
Thư viện lưu trữ: Mạng thư viện Đại học Đà Nẵng
LEADER 00967cam a2200349 i 4500
001 000045564
003 4751
005 20041027080243.0
008 010220b1996 vm 000 eng
020 |a 0134887360 
040 |a IRC  |c IRC  |d IRC 
041 0 |a eng 
082 1 4 |a 005.133  |b ST-A 
100 1 |a Staugaard, Andrew C. 
245 1 0 |a Structured and object-oriented techniques :  |b an introduction using C++ /  |c Andrew C. Staugaard. 
250 |a 2nd ed. 
260 |a Upper Saddle River, NJ :  |b Prentice Hall,  |c 1996. 
300 |a xxiii, 770 p. :  |b ill. 
630 0 4 |a C++. 
650 0 4 |a Object-oriented programming (Computer science) 
650 0 4 |a C++ (Computer program language) 
650 0 4 |a Structured programming. 
OWN |a DUT 
999 |a From the UDN01 
TYP |a Monograph 
TYP |a Printed language 
980 |a Mạng thư viện Đại học Đà Nẵng